| 000 | 00680nam a2200265Ia 4500 | ||
|---|---|---|---|
| 003 | OSt | ||
| 005 | 20221007110035.0 | ||
| 006 | a|||||r|||| 00| 0 | ||
| 007 | ta | ||
| 008 | 221006b |||||||| |||| 00| 0 eng d | ||
| 024 | _a20,223 | ||
| 037 | _cTextual | ||
| 040 |
_aLCO _cLCO _beng |
||
| 041 |
_2eng _aeng |
||
| 082 | _aV1:5, P8 | ||
| 100 | _aTripathi T.P. | ||
| 245 | 0 | _aHuman Rights | |
| 250 | _a1st | ||
| 260 |
_aAllahabad _bAllahabad Law Agency Publications India _c2008 |
||
| 300 | _a568 | ||
| 650 | _aHUMAN RIGHTS | ||
| 700 |
_a Tripathi N.M. _9702714 |
||
| 942 |
_hV1:5, P8 _cTEXL |
||
| 999 |
_c1189786 _d1189786 |
||